000 00567nam a22002177a 4500
003 UA-OsUOA
001 47547
007 ta
008 20070806b un ||||| |||| 00| 0 ukr d
090 _a911.375
_bУ33
942 _cBK
040 _aUA-OsUOA
_bukr
_cUA-OsUOA
_dUA-OsUOA
245 _aУжгород
_bПутеводитель
300 _a159 с.
955 _a2
041 _aukr
080 _a911.375
260 _aУжгород
_bКарпати
_c1978
650 7 _a911 Теоретичнії питання з географії
_2UDC
999 _c333643
_d333643